|
|
|
|
| LEADER |
00000cam a2200000 7i4500 |
| 001 |
0000004214 |
| 005 |
20151222.0 |
| 008 |
070725 |
| 020 |
|
|
|a 9832807166(siri)
|
| 020 |
|
|
|a 9832807190
|
| 090 |
0 |
0 |
|a JF
|b ENG (4700)
|
| 100 |
0 |
|
|a Kay G
|
| 245 |
1 |
4 |
|a The distressing ordeal
|c Kay G
|
| 260 |
|
|
|a Selangor :
|b Penerbitan PCT ,
|c 2004
|
| 440 |
|
|
|a PCT red readers
|
| 500 |
|
|
|a Children ages 7-9 years old (orange)
|
| 650 |
|
0 |
|a Junior fiction
|x English
|x Languages
|
| 999 |
|
|
|a 0000004368
|b Book
|c Children Collection
|e Cawangan Taman Universiti
|
| 999 |
|
|
|a 0000004369
|b Book
|c Children Collection
|e Cawangan Taman Universiti
|
| 999 |
|
|
|a 0000004371
|b Book
|c Children Collection
|e Cawangan Taman Universiti
|
| 999 |
|
|
|a 0000918878
|b Book
|c Children Collection
|e Cawangan Bukit Gambir
|
| 999 |
|
|
|a 0000927939
|b Book
|c Children Collection
|e Cawangan Tangkak
|
| 999 |
|
|
|a 0000927940
|b Book
|c Children Collection
|e Cawangan Tangkak
|
| 999 |
|
|
|a 0000927941
|b Book
|c Children Collection
|e Cawangan Tangkak
|
| 999 |
|
|
|a 0000975959
|b Book
|c Children Collection
|e Perbadanan Perpustakaan Awam Johor
|
| 999 |
|
|
|a 0000975960
|b Book
|c Children Collection
|e Perbadanan Perpustakaan Awam Johor
|
| 999 |
|
|
|a 0000975961
|b Book
|c Children Collection
|e Perbadanan Perpustakaan Awam Johor
|
| 999 |
|
|
|a 0000975962
|b Book
|c Children Collection
|e Perbadanan Perpustakaan Awam Johor
|
| 999 |
|
|
|a 0000975963
|b Book
|c Children Collection
|e Cawangan Segamat
|